[Event "Prague Golden Blitz op"]
[Site "Prague"]
[Date "2023.06.18"]
[Round "2"]
[White "Kotleska, Roman"]
[Black "Plat, Vojtech"]
[Result "0-1"]
[WhiteElo "1889"]
[BlackElo "2542"]
[PlyCount "76"]
[EventDate "2023.06.18"]
[EventType "swiss (blitz)"]
[EventRounds "11"]
[EventCountry "CZE"]
[SourceTitle "CBM 215 Extra"]
[Source "ChessBase"]
[SourceDate "2023.09.30"]
[SourceVersion "1"]
[SourceVersionDate "2023.09.30"]
[SourceQuality "1"]

1. e4 c5 2. d4 cxd4 3. Nf3 Nc6 4. c3 Nf6 5. e5 Nd5 6. Bc4 Nb6 7. Bb3 d5 8. exd6 Qxd6 9. Nxd4 Nxd4 10. Qxd4 Qxd4 11. cxd4 Bd7 12. Be3 e6 13. 0-0 Bc6 14. Nc3 0-0-0 15. a3 Bd6 16. Rfd1 Kb8 17. h3 Bc7 18. Rac1 Nd5 19. Nxd5 Bxd5 20. Bxd5 Rxd5 21. Rc5 Rhd8 22. Rxd5 Rxd5 23. Rd2 Kc8 24. Kf1 Kd7 25. Ke2 Bb6 26. g4 h5 27. Kd3 f6 28. Ke4 g6 29. Rc2 f5+ 30. gxf5 gxf5+ 31. Kd3 f4 32. Bd2 Rxd4+ 33. Ke2 e5 34. f3 Rd6 35. Bc3 Ke6 36. Rd2 Rc6 37. Rd1 Rc8 38. Rg1 Bxg1 0-1

[Event "Prague Golden Rapid op"]
[Site "Prague"]
[Date "2023.06.17"]
[Round "9"]
[White "Bily, Michal"]
[Black "Kotleska, Roman"]
[Result "1-0"]
[WhiteElo "1943"]
[BlackElo "1815"]
[PlyCount "86"]
[EventDate "2023.06.17"]
[EventType "swiss (rapid)"]
[EventRounds "9"]
[EventCountry "CZE"]
[SourceTitle "CBM 215 Extra"]
[Source "ChessBase"]
[SourceDate "2023.09.30"]
[SourceVersion "1"]
[SourceVersionDate "2023.09.30"]
[SourceQuality "1"]

1. d4 Nf6 2. Nf3 d5 3. Bf4 c5 4. c3 e6 5. e3 Nc6 6. Be2 cxd4 7. exd4 Bd6 8. Bg3 Ne4 9. Nbd2 Nxg3 10. hxg3 Bd7 11. Qc2 h6 12. g4 Rc8 13. g5 Bf4 14. g6 f6 15. g3 Bd6 16. Qd3 a6 17. Qe3 Ne7 18. Bd3 Nc6 19. Nh4 Be7 20. f4 Qc7 21. f5 e5 22. Nb3 e4 23. Be2 Bd6 24. Rg1 0-0 25. Kf2 Ne7 26. g4 Bf4 27. Qh3 Bb5 28. Bxb5 axb5 29. Qf1 Bg5 30. Ng2 e3+ 31. Ke2 Qc4+ 32. Ke1 Nc6 33. Qxc4 bxc4 34. Nc5 b6 35. Ne6 Rfe8 36. Nxg5 fxg5 37. Ke2 Re4 38. Ne1 Rce8 39. Nf3 b5 40. Rg3 Rf4 41. Rf1 Ree4 42. Rfg1 Kf8 43. R1g2 Ke7 1-0

[Event "CZE-chT2A 2223"]
[Site "Czech Republic"]
[Date "2023.01.08"]
[Round "6.8"]
[White "Kotleska, Roman"]
[Black "Siktanc, Petr"]
[Result "0-1"]
[WhiteElo "1861"]
[BlackElo "1966"]
[PlyCount "68"]
[EventDate "2022.10.16"]
[EventType "team-tourn"]
[EventRounds "11"]
[EventCountry "CZE"]
[SourceTitle "EXT 2024"]
[Source "ChessBase"]
[SourceDate "2023.10.10"]
[SourceVersion "1"]
[SourceVersionDate "2023.10.10"]
[SourceQuality "1"]
[WhiteTeam "Tabor"]
[BlackTeam "Praha Dukla"]
[WhiteTeamCountry "CZE"]
[BlackTeamCountry "CZE"]

1. e4 g6 2. d4 Bg7 3. Nf3 d6 4. Bc4 Nf6 5. Nc3 0-0 6. Bg5 Nxe4 7. Nxe4 d5 8. Bd3 dxe4 9. Bxe4 c5 10. c3 h6 11. Be3 cxd4 12. Nxd4 Nd7 13. 0-0 a6 14. f4 Nf6 15. Bf3 Qc7 16. Qb3 Rb8 17. h3 Bd7 18. Rae1 Rfc8 19. Bd2 e6 20. Bd1 Bc6 21. Nxc6 bxc6 22. Qa3 Nd5 23. Bb3 a5 24. Bxd5 cxd5 25. Be3 a4 26. Rf2 Qc4 27. Qe7 Qxa2 28. Ree2 Qc4 29. Rd2 Qc6 30. Bd4 Rb7 31. Qh4 Rcb8 32. Be5 Ra8 33. Bf6 Qc5 34. Be7 Qxe7 0-1

[Event "Ceske Budejovice op-A"]
[Site "Ceske Budejovice"]
[Date "2022.07.02"]
[Round "2"]
[White "Kukacka, Ladislav"]
[Black "Kotleska, Roman"]
[Result "0-1"]
[WhiteElo "1555"]
[BlackElo "1863"]
[PlyCount "76"]
[EventDate "2022.07.01"]
[EventType "swiss"]
[EventRounds "9"]
[EventCountry "CZE"]
[SourceTitle "CBM 209 Extra"]
[Source "ChessBase"]
[SourceDate "2022.09.30"]
[SourceVersion "1"]
[SourceVersionDate "2022.09.30"]
[SourceQuality "1"]

1. Nf3 d5 2. c4 d4 3. b4 c5 4. bxc5 Nc6 5. g3 e5 6. Ba3 Qa5 7. Bg2 Bxc5 8. Bxc5 Qxc5 9. d3 Nf6 10. 0-0 0-0 11. Nbd2 Bd7 12. Nb3 Qe7 13. Rb1 Rab8 14. Re1 Qa3 15. Qd2 Rfe8 16. h3 b5 17. c5 a5 18. Nh4 a4 19. Na5 Nxa5 20. Qxa5 Qxc5 21. Rec1 Qa3 22. Qd2 Rec8 23. Rxc8+ Rxc8 24. Qg5 h6 25. Qxe5 Qxa2 26. Re1 Qd2 27. Nf3 Qc3 28. Qxd4 Qxd4 29. Nxd4 a3 30. Ra1 b4 31. g4 Ba4 32. Bb7 Rb8 33. Ba6 b3 34. Bc4 b2 35. Rb1 Nd7 36. f4 Rb4 37. e3 Rxc4 38. dxc4 a2 0-1

[Event "Ceske Budejovice op-B"]
[Site "Ceske Budejovice"]
[Date "2020.07.01"]
[Round "1"]
[White "Kotleska, Roman"]
[Black "Brestak, Pavel"]
[Result "1-0"]
[WhiteElo "1521"]
[BlackElo "1086"]
[PlyCount "75"]
[EventDate "2020.07.01"]
[EventType "swiss"]
[EventRounds "9"]
[EventCountry "CZE"]
[SourceTitle "CBM 197 Extra"]
[Source "ChessBase"]
[SourceDate "2020.09.30"]
[SourceVersion "1"]
[SourceVersionDate "2020.09.30"]
[SourceQuality "1"]

1. e4 e5 2. d4 Nc6 3. dxe5 Bc5 4. Nf3 d6 5. Bb5 Bd7 6. exd6 cxd6 7. Nc3 Nf6 8. 0-0 0-0 9. Bg5 h6 10. Bh4 Qe8 11. Bxf6 gxf6 12. Nd5 Kg7 13. Re1 a6 14. Bxc6 bxc6 15. Nc7 Qe7 16. Nxa8 Rxa8 17. Nd4 Qe5 18. c3 Bxd4 19. Qxd4 Qxd4 20. cxd4 Rb8 21. b3 c5 22. dxc5 dxc5 23. Rac1 Rc8 24. Re3 Be6 25. Rec3 c4 26. bxc4 Rd8 27. c5 Bxa2 28. c6 Be6 29. c7 Rc8 30. Rc6 a5 31. Ra6 f5 32. e5 f6 33. Rxe6 fxe5 34. Rxe5 Kh8 35. Rxf5 Rxc7 36. Rxc7 Kg8 37. Rxa5 Kf8 38. Ra8# 1-0